| 000 | 00627cam a22002411 4500 | ||
|---|---|---|---|
| 001 | sa 68002578 | ||
| 003 | DLC | ||
| 005 | 20260227112444.0 | ||
| 008 | 950117s1966 ii 000 0 tamo | ||
| 010 | _asa 68002578 | ||
| 025 | _aPL480:I-T-1734 | ||
| 035 | _a(OCoLC)31829435 | ||
| 040 |
_aDLC _cCU _dCU _dDLC |
||
| 042 | _apremarc | ||
| 050 | 0 | 0 |
_aPL4758.4 _b.N3 1966aa |
| 110 | 2 |
_aNāval Vil̲ā, _cMadras? _d1966. |
|
| 245 | 1 | 0 | _aTamil̲ nāvalkaḷ. |
| 260 | _c[1966] | ||
| 300 |
_a171 p. _c18 cm. |
||
| 500 | _aIn Tamil. | ||
| 650 | 0 |
_aTamil fiction _xHistory and criticism. |
|
| 710 | 2 | _aTamil Writers' Association. | |
| 999 |
_c78839 _d78839 |
||